000 00683nam a2200253Ia 4500
003 OSt
005 20221007111005.0
006 a|||||r|||| 00| 0
007 ta
008 221006b |||||||| |||| 00| 0 eng d
024 _a22,324
037 _cTextual
040 _aLCO
_cLCO
_beng
041 _2eng
_aeng
082 _aX7291:(Z), K7
100 _aChaturvedi Kharag Ram
_9346972
245 0 _aPrinciples of Sales Tax Laws
250 _a4th
260 _aCalcutta
_bEastern Law House Private Limited India
_c1967
300 _a1276
650 _aSALES TAX
_9258895
942 _hX7291:(Z), K7
_cTEXL
999 _c1191887
_d1191887